Sauces Mcdo - Statistiques

Statistiques générales
  • Ce quiz a été pris 241 fois
  • Le résultat moyen est 6 sur 10
Statistiques - réponses
Nombre Réponses % Correct
1 Ketchup
96%
4 Barbecue
87%
3 Creamy Deluxe
80%
6 Chinoise
77%
2 Pomme Frite
74%
5 Curry
71%
7 Moutarde
55%
10 Caesar
10%
9 Ranch Crémeuse
10%
8 Western
1%
Aucun quiz correspondant
Distribution des résultats
% des personnes avec chaque résultat
Percentile par nombre de réponses
Votre historique - résultats
Vous n’avez pas pris ce quiz